00357nam a2200121Ia 4500008004100000024001800041082001900059100005800078245001400136260002500150600002700175650003300202250506s9999 xx 000 0 und d aNot available a629.892072 MUR aMurtaza Mohammad Bhai, Mir Shahnawaz & Nabeel Qureshi 0aMille-Arm aKarachi:bUIT,c1996 aElectronic Engineering aBachelor of Engineering (BE)